the elementary quantum-some consequences in physics and astrophysics of a minimal energy quantum (Record no. 8288)

MARC details
000 -LEADER
fixed length control field 00639nam a2200193Ia 4500
003 - CONTROL NUMBER IDENTIFIER
control field IN-BaIIA
008 - FIXED-LENGTH DATA ELEMENTS--GENERAL INFORMATION
fixed length control field 211028s9999 xx 000 0 eng d
040 ## - CATALOGING SOURCE
Transcribing agency IIA Library
080 ## - UNIVERSAL DECIMAL CLASSIFICATION NUMBER
Universal Decimal Classification number 524.85
Item number ESA
100 ## - MAIN ENTRY--PERSONAL NAME
Personal name Broberg, H
9 (RLIN) 13899
245 #4 - TITLE STATEMENT
Title the elementary quantum-some consequences in physics and astrophysics of a minimal energy quantum
Statement of responsibility, etc. H. Broberg
260 ## - PUBLICATION, DISTRIBUTION, ETC.
Place of publication, distribution, etc. Paris
Name of publisher, distributor, etc. European Space Agency
Date of publication, distribution, etc. 1981
300 ## - PHYSICAL DESCRIPTION
Extent vi, 65p.
650 ## - SUBJECT ADDED ENTRY--TOPICAL TERM
Topical term or geographic name entry element Astronomy and astrophysics thesaurus
650 ## - SUBJECT ADDED ENTRY--TOPICAL TERM
Topical term or geographic name entry element Astrophysics
9 (RLIN) 794
650 ## - SUBJECT ADDED ENTRY--TOPICAL TERM
Topical term or geographic name entry element Physics
9 (RLIN) 73
650 ## - SUBJECT ADDED ENTRY--TOPICAL TERM
Topical term or geographic name entry element Quantum physics
9 (RLIN) 2816
942 ## - ADDED ENTRY ELEMENTS (KOHA)
Koha item type Books
Holdings
Withdrawn status Lost status Damaged status Not for loan Home library Current library Shelving location Date acquired Total Checkouts Full call number Barcode Date last seen Price effective from Koha item type
        IIA Library-Bangalore IIA Library-Bangalore General Stacks 03/06/1985   524.85/ ESA 9132 05/11/2021 03/06/1985 Books

Powered by Koha